Missing Classical Elements Multiple Choice Quiz Stats

Quiz Updated May 22, 2017

Challenge
Share
Tweet
Embed
Score 0/40 Timer 05:00
2 Plays Today
Question Answer Wrong Answers
Fish Out of _____
A person in unfamiliar surroundings
Water
94.9%
Earth
0.1%
Air
0.3%
Fire
0.1%
(A) Journey to the Center of the _____
Jules Verne science fiction novel
Earth
94.9%
Water
0.1%
Air
0.1%
Fire
0%
Mother _____
Alternate name for Mother Nature
Earth
94.8%
Water
0.2%
Air
0.2%
Fire
0.1%
Ring of _____
Johnny Cash classic
Fire
94.6%
Earth
0.1%
Water
0.3%
Air
0.2%
Blood Is Thicker Than _____
Family is more important than friends
Water
94.2%
Earth
0.2%
Air
0.5%
Fire
0.4%
_____ Guitar
Pretending to play guitar in time to a song
Air
94.2%
Earth
0.4%
Water
0.2%
Fire
0.5%
Up in the _____
2009 George Clooney Best Picture nominee
Air
94.2%
Earth
0.4%
Water
0.2%
Fire
0.4%
Great Balls of _____
Jerry Lee Lewis rock classic
Fire
94.1%
Earth
0.6%
Water
0.4%
Air
0.3%
_____ Under the Bridge
Something in the past that is forgiven
Water
94%
Earth
0.2%
Air
0.2%
Fire
0.8%
Bridge Over Troubled _____
Simon & Garfunkel song and album
Water
94%
Earth
0.6%
Air
0.3%
Fire
0.3%
Light My _____
#1 single for The Doors
Fire
93.8%
Earth
0.9%
Water
0.3%
Air
0.4%
The Day the _____ Stood Still
Landmark science fiction film
Earth
93.7%
Water
0.8%
Air
0.5%
Fire
0.2%
_____ Jordan
Nickname of Michael Jordan (or his signature shoe)
Air
93.5%
Earth
0.3%
Water
0.2%
Fire
1.3%
_____ Force Academy
Military service academy in Colorado Springs
Air
92.9%
Earth
0.8%
Water
0.5%
Fire
1%
Friendly _____
Military attack on an ally or one's own forces
Fire
92.7%
Earth
0.8%
Water
0.8%
Air
1.1%
In the _____ Tonight
Phil Collins song
Air
92.2%
Earth
0.5%
Water
1%
Fire
1.4%
The Meek Shall Inherit the _____
Beatitude from the Sermon on the Mount
Earth
91.6%
Water
1.2%
Air
1%
Fire
1.3%
Clear the _____
Assuage a hostile situation
Air
90.7%
Earth
1.2%
Water
2.2%
Fire
1.2%
Dead _____
A period of silence during a broadcast
Air
90.5%
Earth
1.8%
Water
2.2%
Fire
0.6%
_____ for Elephants
2011 movie based on the Sara Gruen novel
Water
90.1%
Earth
2.9%
Air
1.3%
Fire
0.7%
Hell or High _____
2016 Academy Award Best Picture nominee
Water
90.1%
Earth
1.1%
Air
1%
Fire
3.1%
St. Elmo's _____
Phenomenon when parts of a ship glow in an electrical storm
Fire
89.5%
Earth
1.5%
Water
2.9%
Air
1.2%
_____ Science
Field including geology and oceanography
Earth
89.5%
Water
5.4%
Air
0.3%
Fire
0.4%
Salt of the _____
A person who is thoroughly decent
Earth
89%
Water
4.7%
Air
1.1%
Fire
0.5%
_____ and Brimstone
Idiom for the wrath of God
Fire
88.7%
Earth
3.4%
Water
2.3%
Air
0.8%
Castle in the ____
An impractical project or daydream
Air
87.6%
Earth
0.9%
Water
5.4%
Fire
1.3%
_____ and Rain
James Taylor signature song
Fire
87.1%
Earth
2.4%
Water
4.8%
Air
0.8%
White_____ Scandal
Controversy surrounding Bill and Hillary Clinton in the 1990s
Water
86.8%
Earth
3.3%
Air
2%
Fire
3.1%
Fresh _____
NPR talk show
Air
86.3%
Earth
1%
Water
6.7%
Fire
1.1%
Scorched _____
Military strategy involving destroying all useful things
Earth
85.1%
Water
0.8%
Air
1.4%
Fire
7.7%
_____ Supply
'All Out of Love' band
Air
83.1%
Earth
1.5%
Water
9.4%
Fire
1.3%
Spaceship _____
Attraction at Disney's Epcot
Earth
81.5%
Water
1.6%
Air
8.3%
Fire
3.6%
Alkaline _____ Metal
Beryllium, magnesium, and similar elements
Earth
81.3%
Water
4.8%
Air
3.1%
Fire
5.8%
_____ Moccasin
Deadly snake
Water
78.1%
Earth
6.3%
Air
2.1%
Fire
8.6%
Baptism by _____
Rite of passage through a trying ordeal
Fire
78.1%
Earth
0.4%
Water
16.3%
Air
0.4%
Camp ____ Girl
Organization for young girls similar to the Girl Scouts
Fire
77.2%
Earth
14.2%
Water
2.7%
Air
1.1%
_____ Angel (Will You Be Mine)
Doo-wop song by the Penguins
Earth
76.4%
Water
4.1%
Air
3.8%
Fire
10.7%
_____ on the Knee
A malady in the game Operation
Water
75.8%
Earth
3.2%
Air
2.8%
Fire
13.1%
Like _____ for Chocolate
1992 movie based on the Esquivel novel
Water
75.7%
Earth
3.1%
Air
7%
Fire
9%
_____ Emblem
Popular Nintendo RPG series
Fire
65.5%
Earth
14.5%
Water
8.2%
Air
6.7%

You're not logged in!

Compare scores with friends on all Sporcle quizzes.
Sign Up with Email
OR
Log In

You Might Also Like...

Show Comments

Extras

Top Quizzes Today


Score Distribution

Your Account Isn't Verified!

In order to create a playlist on Sporcle, you need to verify the email address you used during registration. Go to your Sporcle Settings to finish the process.